000 00726nam a2200265 i 4500
001 C2-0260683
003 PPAK
005 20180727230339.0
008 041027s2004 my a|||| ||||| | eng d
020 _a983280745X
040 _aPPAK
_beng
_cPPAK
_erda
082 0 4 _a428.6
_223
090 0 0 _a428.6
_bWHY
_dK
245 0 0 _aWhy the possum's tail is bare
264 1 _aSeri Kembangan, Selangor :
_bPenerbitan PCT ,
_c2004
300 _a20 pages :
_bcolour illustrations ;
_c26 cm
336 _2rdacontent
_atext
337 _2rdamedia
_aunmediated
338 _2rdacarrier
_avolume
490 1 _aFun with english series
650 1 0 _aReaders
700 _eauthor
830 0 _aFun with english series
942 _ddc
_cB
999 _c71467
_d71467